OPAC | Catalogo Arcigay delle biblioteche LGBTQIA+

Il Catalogo di Arcigay delle Biblioteche LGBTQIA+ è un servizio fornito grazie alla collaborazione tra Arcigay nazionale e le associazioni locali aderenti al progetto che conservano e rendono pubbliche biblioteche a tema LGBTQIA+.

Questa sono io / (Record no. 28894)

MARC details
000 -LEADER
campo di controllo lung. fissa 00728nam a22002417i 4500
001 - Numero di controllo
campo di controllo IT\ICCU\TO0\2107045
003 - Identificatore del numero di controllo
campo di controllo ItRI
005 - Data e orario dell'ultima transazione
campo di controllo 20260308170729.0
008 - Elementi di lunghezza fissa--Informazione generale
campo di controllo lung. fissa 221008s2022 it |||||| ||||| |||||c
020 ## - ISBN (International Standard Book Number)
ISBN (International Standard Book Number) 9788856682090
040 ## - Fonte della catalogazione
Lingua della catalogazione ita
Agenzia che fa la trascrizione Centro di documentazione Omologie (CIG Arcigay Milano)
041 #7 - Codice di lingua
Codice di lingua del testo/traccia sonora o titolo separato ita
Fonte del codice ISO-639-2
082 ## - Numero di classificazione Decimale Dewey
Numero di classificazione 853.92
Numero dell'edizione 23
100 1# - Accesso principale -- nome di persona
Nome di persona Capria, Carolina
Numero del record di authority o numero standard IT\ICCU\CAGV\665970
Relazione: aut
240 10 - Titolo uniforme
Titolo uniforme Questa sono io
9 (RLIN) Capria, Carolina
245 10 - Formulazione del titolo
Titolo Questa sono io /
Formulazione di responsabilità, ecc. Carolina Capria.
260 ## - Pubblicazione, distribuzione, ecc. (stampa)
Luogo di pubblicazione, distribuzione, ecc. Milano :
Nome dell'editore, distributore, ecc. Piemme,
Data di pubblicazione, distribuzione, ecc. 2022
300 ## - Descrizione fisica
Estensione 173 p. ;
Dimensioni 22 cm
830 #3 - Accesso aggiunto di serie--titolo uniforme
Titolo uniforme Il battello a vapore. Luna
Numero del record di authority o numero standard IT\ICCU\UBO\4612764
982 #1 - EQUIVALENCE OR CROSS-REFERENCE-SERIES STATEMENT--CONFERENCE OR MEETING NAME/TITLE [LOCAL, CANADA]
Collegamento z01
Nome del convegno o nome della giurisdizione come accesso n
942 ## - Dati aggiuntivi (Koha)
Fonte della classificazione o dello schema di collocazione (segnatura) Classificazione decimale Dewey
Tipo copia default (Koha) Libri
Nasconto in Opac No
981 #1 - EQUIVALENCE OR CROSS-REFERENCE-SERIES STATEMENT--CORPORATE NAME/TITLE [LOCAL, CANADA]
Collegamento z01
Nome dell'ente o nome della giurisdizione come accesso i
Unità subordinata xxxe
Holdings
Status ritirato Status smarrito: Fonte della classificazione o dello schema di collocazione (segnatura) Status danneggiato: Escluso dal prestito Biblioteca di appartenenza Biblioteca corrente Data di acquisti Totale prestiti Collocazione Codice a barre Data ultima revisione Prezzo effettivo da Tipo copia default (Koha)
    Classificazione decimale Dewey     MILANO | Centro di documentazione Omologie (CIG Arcigay Milano) MILANO | Centro di documentazione Omologie (CIG Arcigay Milano) 08/03/2026   R 853 CAP QUE 11797 08/03/2026 08/03/2026 Libri
Se cerchi informazioni su Arcigay, le puoi trovare nel nostro sito: www.arcigay.it